Statystyki dla 20 największych jednostek administracyjnych na świecie

Kliknij tutaj aby rozwiązać quiz!

Ogólne statystyki

  • Ten quiz został rozwiązany 17 razy
  • Średni wynik to 9 z 20

Statystyki odpowiedzi

Lp.PowierzchniaPaństwoProwincja% Poprawnych
7.1 717 854 km²USAAlaska
92%
4.2 166 086 km²DaniaGrenlandia
85%
1.3 083 523 km²RosjaJakucja
85%
14.1 228 400 km²ChinyTybet
69%
2.2 645 615 km²AustraliaAustralia
Zachodnia
62%
16.1 076 395 km²KanadaOntario
62%
18.944 735 km²KanadaKolumbia
Brytyjska
54%
5.2 038 722 km²KanadaNunavut
46%
10.1 542 056 km²KanadaQuebec
46%
15.1 183 000 km²ChinyMongolia
Wewnętrzna
38%
20.809 952 km²AustraliaNowa
Południowa
Walia
38%
17.1 044 353 km²AustraliaAustralia
Południowa
31%
13.1 245 870 km²BrazyliaPará
31%
12.1 346 106 km²KanadaTerytoria
Północno-
Zachodnie
31%
9.1 570 745 km²BrazyliaAmazonas
23%
3.2 339 700 km²RosjaKraj
Krasnojarski
23%
6.1 851 866 km²AustraliaQueensland
23%
11.1 347 791 km²AustraliaTerytorium
Północne
23%
19.903 207 km²BrazyliaMato Grosso
15%
8.1 664 897 km²ChinySinciang
8%

Rozkład punktacji

Percentyl według liczby udzielonych odpowiedzi

Procent ludzi z każdym wynikiem

Twoja historia wyników

Nie rozwiązałeś tego quizu